STUDENTS MODERN DICTIONARY (MANATHI) (Record no. 289352)

MARC details
000 -LEADER
fixed length control field 00389pam a2200145a 44500
008 - FIXED-LENGTH DATA ELEMENTS--GENERAL INFORMATION
fixed length control field 230405s2017 xxu||||| |||| 00| 0 eng d
041 ## - LANGUAGE CODE
Language code of text/sound track or separate title ENG
100 ## - MAIN ENTRY--PERSONAL NAME
Personal name RANADE N R
245 ## - TITLE STATEMENT
Title STUDENTS MODERN DICTIONARY (MANATHI)
250 ## - EDITION STATEMENT
Edition statement ED.13, 220 Ed.
260 ## - PUBLICATION, DISTRIBUTION, ETC.
Place of publication, distribution, etc. BOMBAY
Name of publisher, distributor, etc. J D DHOALE
Date of publication, distribution, etc. 2017
300 ## - PHYSICAL DESCRIPTION
Extent 1077p.
440 ## - SERIES STATEMENT/ADDED ENTRY--TITLE
Title UNIVERSAL BOOK STOLL, PUNE,B-141, DT-16/09/2003
906 ## - LOCAL DATA ELEMENT F, LDF (RLIN)
a 474
Holdings
Withdrawn status Lost status Damaged status Not for loan Collection Home library Current library Date acquired Total Checkouts Barcode Date last seen Date last checked out Price effective from Koha item type
          Loknete Mohanrao Kadam College of Agriculture, Kadegaon, Sangli Loknete Mohanrao Kadam College of Agriculture, Kadegaon, Sangli 02/01/2017 1 AGK-123 19/06/2026 22/07/2025 17/04/2023 Book